Kraje które mają kolor brązowy we fladze - Statystyki

Ogólne statystyki
  • Ten quiz został rozwiązany 285 razy
    274 od ostatniego zresetowania
  • Średni wynik to 4 z 12
Statystyki odpowiedzi
Państwa % Poprawnych
Meksyk
92%
Andora
40%
Belize
36%
Dominika
33%
Mołdawia
33%
Ekwador
27%
Dominikana
24%
Nikaragua
24%
Gwatemala
23%
San Marino
23%
Fidżi
15%
Gwinea Równikowa
12%
Nie znaleziono quizów pasujących do podanych kryteriów
Rozkład punktacji
Procent ludzi z każdym wynikiem
Percentyl według liczby udzielonych odpowiedzi
Twoja historia wyników
Nie rozwiązałeś tego quizu od ostatniego zresetowania